00953nam a22002417a 4500003000500000005001700005008004100022010001000063011001000073035001000083040000900093100002800102245024700130260004000377300002200417502011200439650003900551650001600590650002700606650002100633650002500654650003200679CHAP20220329140020.0971013s1981 r 00010 d a45570 a46542 a50683 cCHAP00aReichert Puls, Alberto. aEvaluación de cinco fungicidas en la prevención de la cenicilla polvorienta del melón (Erysiphe chicoracearum D. C.) y análisis de la factibilidad de la siembra del melón (Cucumis melo L.) variedad Gusto-45 en verano, Apodaca, N. L. aMonterrey, N. L. :bEl autor,c1981 a56 h.b; gráfs. aTesis (Ing. Agr. en Producción Agropecuaria) -- ITESM. División de Ciencias Agropecuarias y Marítimas14aCenicilla polvorienta del melón.14aFungicidas.14aMelónxNuevo León.14aMelónxPlagas.14aMelónxVariedades.14aPseudoperonospora cubensis.